Vista normal Vista MARC

Entrada Nombre personal

Número de registros utilizados en: 6

001 - NÚMERO DE CONTROL

  • campo de control: 5469

003 - IDENTIFICADOR DE NÚMERO DE CONTROL

  • campo de control: PE-LiUPU

005 - FECHA Y HORA DE LA ÚLTIMA TRANSACCIÓN

  • campo de control: 20250610165735.0

008 - ELEMENTOS DE DATO DE LONGITUD-FIJA

  • campo de control de longitud fija: 250610|| aca||aabn | a|a d

040 ## - FUENTE DE CATALOGACIÓN

  • Centro catalogador/agencia de origen: PE-LiUPU

100 ## - ENCABEZAMIENTO-NOMBRE DE PERSONA

  • Nombre de persona: Riva Agüero y Osma, José de la,
  • Fechas asociadas al nombre: 1885-1944.